Statistics for Formula 1 drivers with the most podiums

Click here to take the quiz!

General Stats

  • This quiz has been taken 187 times
    (109 since last reset)
  • The average score is 39 of 50

Answer Stats

NationalityPodiumsDriver% Correct
United Kingdom197Lewis Hamilton
100%
Germany155Michael Schumacher
100%
Germany27Ralf Schumacher
100%
Germany122Sebastian Vettel
100%
Brazil80Ayrton Senna
99%
Netherlands98Max Verstappen
99%
Finland103Kimi Räikkönen
98%
Spain106Fernando Alonso
96%
Finland67Valtteri Bottas
96%
Monaco30Charles Leclerc
95%
Mexico35Sergio Perez
94%
Australia32Daniel Ricciardo
93%
Austria54Niki Lauda
93%
France106Alain Prost
92%
Finland51Mika Häkkinen
92%
Brazil41Felipe Massa
90%
Brazil60Nelson Piquet
88%
Germany57Nico Rosberg
88%
Canada23Jacques Villeneuve
87%
Argentina35Juan Manuel Fangio
87%
Australia42Mark Webber
87%
Brazil68Rubens Barrichello
84%
United Kingdom50Jenson Button
83%
United Kingdom42Damon Hill
81%
United Kingdom36Graham Hill
81%
Colombia30Juan-Pablo Montoya
81%
United Kingdom59Nigel Mansell
80%
Brazil35Emerson Fittipaldi
78%
Australia31Jack Brabham
77%
South Africa33Jody Scheckter
76%
New Zealand33Denny Hulme
75%
United Kingdom43Jackie Stewart
75%
Austria48Gerhard Berger
73%
United Kingdom62David Coulthard
72%
Australia24Alan Jones
71%
United Kingdom32Jim Clark
69%
Argentina45Carlos Reutemann
66%
New Zealand27Bruce McLaren
65%
Belgium25Jacky Ickx
65%
Sweden26Ronnie Peterson
65%
Switzerland28Clay Regazzoni
61%
United Kingdom24Stirling Moss
60%
United Kingdom23James Hunt
59%
Italy37Riccardo Patrese
58%
France22René Arnoux
57%
France32Jean Alesi
51%
United Kingdom26Eddie Irvine
48%
United Kingdom24John Surtees
48%
France32Jacques Laffite
47%
Italy23Michele Alboreto
46%

Score Distribution

Percentile by Number Answered

Percent of People with Each Score

Your Score History

You have not taken this quiz since the last reset